000 00730nam a22001337a 4500
040 _cRUA
082 _aGRS HUO 2012 B368 Or.1
100 _aHUON, MAKARA.
245 _aVarious organic covers on the green mustard at celery station of royal university of agriculture (​គម្របសរីរាង្គផ្សេងៗគ្នាលើដំណាំស្ពៃចង្កឹះនៅស្ថានីយ៏ពិសោធន៏ដំណាំនៃសាកលវិទ្យាល័យភូមិន្ទកសិកម្ម)
260 _aPhnom Penh
_bRUA
_c2012
300 _avii, 31p.
_bill.
_c29cm.
856 _uhttps://drive.google.com/file/d/12uifHGvzxQv1uSfs8iBybB94hgcuZesW/view?usp=sharing
942 _cGRS
999 _c6357
_d6357